000 00767nam a2200205Ia 4500
003 GCL
008 140319s9999 xx 000 0 ara d
020 _a346249960
040 _aGCL /
_cGCL
082 0 4 _a953.105
_bم ا
100 1 _aمحمد رفعت المحامى
245 1 0 _aاسد الجزيرة قال لى /
_cمحمد رفعت المحامى
700 1 _aحمد بن ناصر الدخيل
250 _aالثانية
260 _aالرياض :
_bمكتبة الملك عبدالعزيز العامة ،
_c1999
300 _a242 ص ؛
_c24 سم
650 0 4 _aالسعودية - وصف ورحلات
650 0 4 _aالسعودية - تاريخ - العصر الحديث - عبدالعزيز بن عبدالرحمن ال سعود
942 _2ddc
_cBK
999 _c6963
_d6963